Statistics for Dying Words in Movies

Click here to take the quiz!

General Stats

  • This quiz has been taken 36,146 times
    (17,044 since last reset)
  • The average score is 9 of 20

Answer Stats

Last wordsMovie% Correct
Precious, precious, precious! My Precious! O, my Precious.Lord of the Rings:
The Return of the King
87%
Severus... pleaseHarry Potter and the
Half-Blood Prince
81%
I'm melting! melting! Oh, what a world! What a world!
Who would have thought a good little girl like you could destroy my beautiful wickedness?
Oooooh, look out! I'm going! Oooooh!
The Wizard of Oz
78%
FREEEDOOMM!!Braveheart
73%
I have been, and always shall be, your friend. Live long and prosper.Star Trek II:
The Wrath of Khan
72%
If you strike me down, I shall become more powerful than you can possibly imagineStar Wars
60%
RosebudCitizen Kane
54%
Never let goTitanic
49%
A plague... on both... your housesRomeo + Juliet
48%
Clever girlJurassic Park
41%
Never go in against a Sicilian when death is on the line. Hahahahaha-The Princess Bride
33%
The horror... the horror...Apocalypse Now
32%
You yellow bastards! Come back here and take what's coming to ya! I'll bite your legs off!Monty Python
and the Holy Grail
31%
Stay gold, PonyboyThe Outsiders
31%
What is your major malfunction, numbnuts?! Didn't mommy and daddy show you
enough attention when you were a child?!
Full Metal Jacket
29%
I've seen things you people wouldn't believe. Attack ships on fire off the shoulder of Orion.
I watched C-beams glitter in the dark near the Tannhäuser Gate.
All those moments will be lost in time, like tears in rain. Time to die.
Blade Runner
24%
What we've got here is a failure to communicateCool Hand Luke
22%
Oh no, not the bees! Not the bees! Aahhh! My eyes, my eyes! Aahhh!Wicker Man
22%
Orange mocha frappuccino!Zoolander
18%
Oh, good. For a moment there I thought we were in trouble.Butch Cassidy and the
Sundance Kid
8%

Score Distribution

Percentile by Number Answered

Percent of People with Each Score

Your Score History

You have not taken this quiz since the last reset